|
|
|
|
| LEADER |
01940cas a2200277 a 4500 |
| 001 |
AALejournalIMF018356 |
| 008 |
230101c9999 xx r poo 0 0eng d |
| 020 |
|
|
|c 5.00 USD
|
| 020 |
|
|
|z 9781484347584
|
| 022 |
|
|
|a 1018-5941
|
| 040 |
|
|
|a BD-DhAAL
|c BD-DhAAL
|
| 100 |
1 |
|
|a Andrle, Michal.
|
| 245 |
1 |
0 |
|a Italy :
|b Toward a Growth-Friendly Fiscal Reform /
|c Michal Andrle, Shafik Hebous, Alvar Kangur, Mehdi Raissi.
|
| 264 |
|
1 |
|a Washington, D.C. :
|b International Monetary Fund,
|c 2018.
|
| 300 |
|
|
|a 1 online resource (38 pages)
|
| 490 |
1 |
|
|a IMF Working Papers
|
| 500 |
|
|
|a <strong>Off-Campus Access:</strong> No User ID or Password Required
|
| 500 |
|
|
|a <strong>On-Campus Access:</strong> No User ID or Password Required
|
| 506 |
|
|
|a Electronic access restricted to authorized BRAC University faculty, staff and students
|
| 520 |
3 |
|
|a Published in late 2017, the Italian medium-term fiscal plan aims to achieve structural balance by 2020, although concrete, high-quality measures to meet the target are yet to be specified. This paper seeks to contribute to the discussion by (i) assessing spending patterns to identify areas for savings; (ii) evaluating the pension system; (iii) analyzing the scope for revenue rebalancing; and (iv) putting forward a package of spending cuts and tax rebalancing that is growth friendly and inclusive, could have limited near-term output costs, and would achieve a notable reduction in public debt over the medium term. Such a package could help the authorities balance the need to bring down public debt and, thus, reduce vulnerabilities while supporting the economic recovery.
|
| 538 |
|
|
|a Mode of access: Internet
|
| 700 |
1 |
|
|a Hebous, Shafik.
|
| 700 |
1 |
|
|a Kangur, Alvar.
|
| 700 |
1 |
|
|a Raissi, Mehdi.
|
| 830 |
|
0 |
|a IMF Working Papers; Working Paper ;
|v No. 2018/059
|
| 856 |
4 |
0 |
|z Full text available on IMF
|u http://elibrary.imf.org/view/journals/001/2018/059/001.2018.issue-059-en.xml
|z IMF e-Library
|